Länder die Land im Namen enthalten - Statistiken

Allgemein
  • Dieses Quiz wurde 664 mal gespielt
    659 seit der letzten Aktualisierung
  • Das Durchschnittsergebnis liegt bei 8 aus 11
Antwortstatistiken
Antwort % Korrekt
Deutschland
96%
Russland
87%
Estland
78%
Finnland
76%
Lettland
75%
Island
72%
Irland
71%
Griechenland
69%
Niederlande
64%
Neuseeland
56%
Thailand
56%
Keine übereinstimmenden Quizze gefunden
Verteilung der Resultate
Anzahl Personen mit jedem Resultat
Perzentil nach korrekt beantworteten Fragen
Ihre Resultats-Entwicklung
Sie haben dieses Quiz seit der letzten Aktualisierung nicht gespielt